000 01257cam a22001934a 4500
005 20250605164233.0
008 250528s ||||||||||||||||||||||||d
035 _a21029
020 _a9789605831141
040 _aGR-AtMCL
_bgre
_dGR-AtMCL
_eAACR2
245 1 _aΤο Καινούργιο Κουτάβι / Μαθαίνοντας Ανάγνωση - Πρώτες Εμπειρίες
260 _bΕκδόσεις Παρισιάνου,
_c2016
300 _a16
520 _aΑυτή η σείρα βιβλίων εισάγει τα μικρά παιδιά, με διασκεδαστικό και φιλικό τρόπο, σε καταστάσεις στις οποίες ενδέχεται να βρεθούν για πρώτη φορά. Η ελαφρώς χιουμοριστική εικονογράφηση του Stephen Carwright βρίθει πραγμάτων που τα παιδιά μπορούν να κοιτάξουν, να μάθουν και να συζητήσουν, ενώ το απλό κείμενο παρέχει τη δυνατότητα σε λίγο μεγαλύτερα παιδιά να διαβάσουν τα βιβλία μόνα τους.
700 1 _aCivardi Anne
_96821
942 _cBK
999 _c6101
_d6101